[Event "21st European Teams"]
[Site "Hersonissos GRE"]
[Date "2017.11.05"]
[Round "8.10"]
[Board "4"]
[White "Aleksandrov, Aleksej"]
[Black "Dragnev, Valentin"]
[Result "1-0"]
[WhiteTitle "GM"]
[BlackTitle "IM"]
[WhiteElo "2588"]
[BlackElo "2466"]
[WhiteTeam "Belarus"]
[BlackTeam "Austria"]
[WhiteFideId "13500139"]
[BlackFideId "1634852"]
[EventDate "2017.10.28"]

1. d4 d5 2. c4 e6 3. Nc3 Nf6 4. cxd5 Nxd5 5. e4 Nxc3 6. bxc3 c5 7. Nf3 cxd4 8.
cxd4 Bb4+ 9. Bd2 Bxd2+ 10. Qxd2 O-O 11. Bc4 Nd7 12. O-O b6 13. d5 Nc5 14. Rfe1
Qf6 15. Rad1 Bb7 16. Qe3 exd5 17. exd5 Rad8 18. h4 h6 19. Rd4 b5 20. Bxb5 Bxd5
21. Ne5 Qb6 22. Bc4 Bxc4 23. Rxc4 Ne6 24. Qxb6 axb6 25. Rb1 Rd6 26. Rcb4 Ra8 27.
Rxb6 Rxb6 28. Rxb6 Rxa2 29. Rb8+ Kh7 30. Nxf7 Ra5 31. Rb6 Nd4 32. g3 Rf5 33. Rb7
Nf3+ 34. Kf1 Nh2+ 35. Kg2 Ng4 36. f4 Rd5 37. Kf3 h5 38. Rb6 Rd3+ 39. Ke4 Nf2+
40. Kf5 Kg8 41. Ng5 Kf8 42. Rb8+ Ke7 43. Rb7+ Ke8 44. Ne6 Rd5+ 45. Kg6 Rd6 46.
f5 Ne4 47. Rb3 Nc5 48. Re3 1-0

[Event "21st European Teams"]
[Site "Hersonissos GRE"]
[Date "2017.11.05"]
[Round "8.11"]
[Board "1"]
[White "Navara, David"]
[Black "Vocaturo, Daniele"]
[Result "1/2-1/2"]
[WhiteTitle "GM"]
[BlackTitle "GM"]
[WhiteElo "2726"]
[BlackElo "2607"]
[WhiteTeam "Czech Republic"]
[BlackTeam "Italy"]
[WhiteFideId "309095"]
[BlackFideId "813192"]
[EventDate "2017.10.28"]

1. c4 c6 2. Nf3 d5 3. e3 Bg4 4. Qb3 Qc7 5. Ne5 Be6 6. d4 Nd7 7. Nxd7 Qxd7 8.
cxd5 Bxd5 9. Qa4 f5 10. Nc3 Nf6 11. Nxd5 Nxd5 12. Bd2 e6 13. g3 Bd6 14. f3 O-O
15. e4 fxe4 16. fxe4 Qf7 17. O-O-O Qf3 18. Bh3 Nf4 19. Bxf4 Bxf4+ 20. Kb1 Qxe4+
21. Ka1 Bd2 22. Qb3 Kh8 23. Qxe6 Qxd4 24. Rhe1 Rad8 25. Qe7 Bb4 26. Rxd4 Bxe7
27. Rxd8 Rxd8 28. Kb1 Bf6 29. Bd7 g5 30. Re8+ Rxe8 31. Bxe8 Kg7 32. Kc2 Kf8 33.
Bh5 Ke7 34. b3 Bd4 35. Bf3 Kd6 36. h4 gxh4 37. gxh4 h6 38. h5 Kc5 39. a4 a6 40.
Bg4 b5 41. axb5 cxb5 42. Kb1 Kb4 1/2-1/2

[Event "21st European Teams"]
[Site "Hersonissos GRE"]
[Date "2017.11.05"]
[Round "8.11"]
[Board "2"]
[White "Brunello, Sabino"]
[Black "Laznicka, Viktor"]
[Result "0-1"]
[WhiteTitle "GM"]
[BlackTitle "GM"]
[WhiteElo "2555"]
[BlackElo "2654"]
[WhiteTeam "Italy"]
[BlackTeam "Czech Republic"]
[WhiteFideId "813613"]
[BlackFideId "316385"]
[EventDate "2017.10.28"]

1. d4 d5 2. c4 c6 3. Nf3 Nf6 4. Qb3 dxc4 5. Qxc4 Bg4 6. Nbd2 Nbd7 7. g3 e6 8.
Bg2 Be7 9. O-O O-O 10. Ne5 Bh5 11. Nxd7 Nxd7 12. Nb3 e5 13. Rd1 Re8 14. h3 Bf8
15. dxe5 Nxe5 16. Qc2 Qb6 17. g4 Bg6 18. e4 f6 19. Be3 Qc7 20. f4 Nd7 21. Rd2
Nb6 22. Nd4 Nd5 23. f5 Nxe3 24. Qb3+ Bf7 25. Qxe3 Bb4 26. Rdd1 Qb6 27. a3 Bd6
28. Rd2 Rad8 29. Rad1 Rd7 30. Kf2 Red8 31. b4 Be5 32. Nf3 Rxd2+ 33. Rxd2 Rxd2+
34. Nxd2 Bd4 0-1

[Event "21st European Teams"]
[Site "Hersonissos GRE"]
[Date "2017.11.05"]
[Round "8.11"]
[Board "3"]
[White "Hracek, Zbynek"]
[Black "Godena, Michele"]
[Result "0-1"]
[WhiteTitle "GM"]
[BlackTitle "GM"]
[WhiteElo "2610"]
[BlackElo "2489"]
[WhiteTeam "Czech Republic"]
[BlackTeam "Italy"]
[WhiteFideId "300071"]
[BlackFideId "800090"]
[EventDate "2017.10.28"]

1. e4 e5 2. Nf3 Nc6 3. Bc4 Bc5 4. O-O Nf6 5. d3 O-O 6. Nbd2 d6 7. c3 a6 8. Bb3
b5 9. Re1 Ne7 10. d4 Bb6 11. dxe5 Ng4 12. Rf1 Ng6 13. a4 N6xe5 14. Qe2 Ng6 15.
g3 Bd7 16. axb5 axb5 17. Rxa8 Qxa8 18. Nd4 Nf6 19. Bc2 Re8 20. Qf3 Bh3 21. Re1
Ne5 22. Qe2 b4 23. Qb5 bxc3 24. bxc3 Rb8 25. Qe2 Re8 26. Qb5 Bd7 27. Qe2 Qa1 28.
N2b3 Qxc3 29. Bd2 Qc4 30. Qxc4 Nxc4 31. Bc3 Ne5 32. Ra1 Nc6 33. Re1 Ne5 34. Kg2
Ra8 35. h3 Nc4 36. Bd3 Ne5 37. Bb1 Ra3 38. Bb2 Ra4 39. g4 h6 40. Bc3 Rc4 41. Ba1
Ba4 42. Ba2 Nd3 43. Rb1 Nxe4 0-1

[Event "21st European Teams"]
[Site "Hersonissos GRE"]
[Date "2017.11.05"]
[Round "8.11"]
[Board "4"]
[White "Moroni, Luca Jr"]
[Black "Plat, Vojtech"]
[Result "1/2-1/2"]
[WhiteTitle "GM"]
[BlackTitle "GM"]
[WhiteElo "2506"]
[BlackElo "2551"]
[WhiteTeam "Italy"]
[BlackTeam "Czech Republic"]
[WhiteFideId "865834"]
[BlackFideId "325740"]
[EventDate "2017.10.28"]

1. d4 Nf6 2. c4 g6 3. g3 Bg7 4. Bg2 d5 5. cxd5 Nxd5 6. e4 Nb6 7. Ne2 Nc6 8. d5
Na5 9. O-O O-O 10. Qe1 Nac4 11. Nbc3 e6 12. b3 Nd6 13. dxe6 Bxe6 14. Ba3 Qg5 15.
f4 Qa5 16. Bb2 Rad8 17. Rc1 c6 18. Ba1 Bg4 19. h3 Bxe2 20. Qxe2 Rfe8 21. Rfd1
Qb4 22. Kh2 a5 23. Qf2 Ndc8 24. e5 f5 25. Rd2 Bf8 26. Rcd1 Rxd2 27. Rxd2 Be7 28.
Nd1 a4 29. Bc3 Qa3 30. e6 Qc5 31. Bd4 Qa5 32. Ba1 Qc5 33. Bd4 Qa5 34. Qe3 axb3
35. axb3 Bf8 36. Ra2 Qb5 37. Nc3 Qxb3 38. Bd5 Nxd5 39. Qe5 Nf6 40. Qxf6 Rxe6 41.
Qh8+ Kf7 42. h4 Re1 43. Qxh7+ Ke8 44. h5 gxh5 45. Qxf5 Qe6 46. Qxh5+ Qf7 47. Qh3
Qd7 48. Qh5+ Qf7 49. Qh8 Re6 50. Kg2 Kd7 51. Ra8 Qf5 52. Bf2 Rh6 53. Qd4+ Nd6
54. Na4 Qh3+ 55. Kf3 Qh5+ 56. Ke3 Re6+ 57. Kd3 Qd1+ 58. Kc3 Qf3+ 59. Kb4 Ke7 60.
Nc5 b6 61. Ra7+ Ke8 62. Ra8+ Ke7 63. Ra7+ Ke8 64. Ra8+ Ke7 1/2-1/2

[Event "21st European Teams"]
[Site "Hersonissos GRE"]
[Date "2017.11.05"]
[Round "8.12"]
[Board "1"]
[White "Lenic, Luka"]
[Black "Nyback, Tomi"]
[Result "1-0"]
[WhiteTitle "GM"]
[BlackTitle "GM"]
[WhiteElo "2650"]
[BlackElo "2572"]
[WhiteTeam "Slovenia"]
[BlackTeam "Finland"]
[WhiteFideId "14603853"]
[BlackFideId "503142"]
[EventDate "2017.10.28"]

1. d4 Nf6 2. c4 g6 3. Nc3 d5 4. cxd5 Nxd5 5. e4 Nxc3 6. bxc3 Bg7 7. Nf3 c5 8.
Be3 Qa5 9. Qd2 Nc6 10. Rb1 a6 11. Rc1 cxd4 12. cxd4 Qxd2+ 13. Kxd2 e6 14. h4 f5
15. Bd3 O-O 16. d5 fxe4 17. dxc6 exd3 18. c7 e5 19. Ng5 Bf5 20. f3 Rac8 21. a4
Rf6 22. a5 Bf8 23. Bb6 Bb4+ 24. Ke3 d2 25. Rc4 Rc6 26. Rxb4 Rc1 27. Kxd2 Rxh1
28. Ne4 Rh2 29. Nd6 Rxg2+ 30. Ke3 Rf8 31. Nxf5 gxf5 32. Bc5 Rc2 33. Bxf8 Kxf8
34. Rxb7 Ke8 35. Kd3 Rc5 36. Ra7 Kd7 37. Rxa6 Kxc7 38. h5 e4+ 39. Kd4 Rb5 40.
fxe4 fxe4 41. Ra7+ Kd6 42. h6 Rb4+ 43. Ke3 Ke5 44. Rxh7 Rb3+ 45. Kd2 Rb2+ 46.
Kc3 Rb8 47. Rg7 Kf6 48. Rg1 Rd8 49. h7 1-0

[Event "21st European Teams"]
[Site "Hersonissos GRE"]
[Date "2017.11.05"]
[Round "8.12"]
[Board "2"]
[White "Karttunen, Mika"]
[Black "Pavasovic, Dusko"]
[Result "1/2-1/2"]
[WhiteTitle "IM"]
[BlackTitle "GM"]
[WhiteElo "2465"]
[BlackElo "2548"]
[WhiteTeam "Finland"]
[BlackTeam "Slovenia"]
[WhiteFideId "502081"]
[BlackFideId "14600986"]
[EventDate "2017.10.28"]

1. c4 e6 2. g3 d5 3. Bg2 Nf6 4. Nf3 dxc4 5. Qa4+ Nbd7 6. Qxc4 a6 7. Qb3 Bd6 8.
a4 O-O 9. O-O e5 10. d4 Re8 11. Rd1 Qe7 12. Nc3 exd4 13. Nxd4 Nc5 14. Qc4 h6 15.
Be3 Nce4 16. Nxe4 Nxe4 17. Qd5 Nf6 18. Qf3 Ng4 19. Bf4 Be5 20. Bxe5 Nxe5 21. Qe4
c6 22. Nf5 Bxf5 23. Qxf5 Rad8 24. Qc2 Qb4 25. Rac1 Rd7 26. Rxd7 Nxd7 27. e3 Re6
28. Rd1 Rd6 29. Rxd6 Qxd6 30. Bf1 g6 31. Qb3 b5 32. axb5 axb5 33. Qd3 Qxd3 1/2-1/2

[Event "21st European Teams"]
[Site "Hersonissos GRE"]
[Date "2017.11.05"]
[Round "8.12"]
[Board "3"]
[White "Sebenik, Matej"]
[Black "Ebeling, Daniel"]
[Result "1-0"]
[WhiteTitle "GM"]
[BlackTitle "IM"]
[WhiteElo "2534"]
[BlackElo "2465"]
[WhiteTeam "Slovenia"]
[BlackTeam "Finland"]
[WhiteFideId "14602296"]
[BlackFideId "505170"]
[EventDate "2017.10.28"]

1. Nf3 d5 2. g3 Nf6 3. Bg2 c6 4. c4 dxc4 5. O-O Nbd7 6. Qc2 Nb6 7. Na3 Qd5 8. b3
cxb3 9. axb3 Be6 10. Rb1 g6 11. d3 Bg7 12. Nc4 O-O 13. Ng5 Qd7 14. Na5 Nfd5 15.
Bd2 Rab8 16. Rfc1 Bg4 17. e3 e5 18. Ne4 Rfc8 19. Nc5 Qc7 20. b4 a6 21. Qa2 Qe7
22. e4 Nf6 23. Be3 Qc7 24. h3 Bd7 25. d4 Ne8 26. d5 Na8 27. dxc6 Bxc6 28. Nxa6
bxa6 29. Nxc6 Qxc6 30. Rxc6 Rxc6 31. Qa4 Re6 32. Bf1 Nac7 33. Bc4 Rf6 34. Qd7
Ne6 35. Qa7 Rd8 36. Bb6 N6c7 37. Bxc7 Rd7 38. Qa8 Rxc7 39. Qxe8+ Bf8 40. Qxe5
Rfc6 41. Bd5 Rc2 42. Qf6 Bg7 43. Qd8+ Bf8 44. e5 Re7 45. Re1 Kg7 46. Qb6 Rd2 47.
Bc4 Rc2 48. Qxa6 Rc7 49. Qf6+ Kg8 50. Bd5 Rd2 51. Qd8 Rcc2 52. e6 fxe6 53. Rxe6 1-0

[Event "21st European Teams"]
[Site "Hersonissos GRE"]
[Date "2017.11.05"]
[Round "8.12"]
[Board "4"]
[White "Niemi, Kalle"]
[Black "Skoberne, Jure"]
[Result "0-1"]
[WhiteTitle "FM"]
[BlackTitle "GM"]
[WhiteElo "2324"]
[BlackElo "2544"]
[WhiteTeam "Finland"]
[BlackTeam "Slovenia"]
[WhiteFideId "504378"]
[BlackFideId "14604299"]
[EventDate "2017.10.28"]

1. e4 e6 2. d4 d5 3. Nc3 Nf6 4. Bg5 dxe4 5. Nxe4 Be7 6. Bxf6 gxf6 7. Qd3 f5 8.
Nc3 a6 9. O-O-O b5 10. Nf3 Qd6 11. Ne5 Nd7 12. f4 Bb7 13. Qh3 Nxe5 14. dxe5 Qb4
15. Qh6 Bf8 16. Qh4 h5 17. a3 Be7 18. Qf2 Qc5 19. Qe1 b4 20. axb4 Qxb4 21. Qe3
Bc5 22. Qd2 Bc6 23. h4 Rb8 24. b3 Ke7 25. Rh3 Rhd8 26. Rd3 Rxd3 27. Qxd3 Qxf4+
28. Kb1 Qxe5 29. Qxa6 Rb6 30. Qd3 Bd6 31. Qd2 Rb4 32. Bc4 Qf4 33. Qd3 Qxh4 34.
Bb5 Bxg2 35. Ba4 Qg3 36. Qd2 h4 37. Nb5 Rxb5 38. Bxb5 h3 39. Qh6 Be4 40. Ba4 h2
41. Qh8 c6 42. b4 Qg1 0-1

[Event "21st European Teams"]
[Site "Hersonissos GRE"]
[Date "2017.11.05"]
[Round "8.13"]
[Board "1"]
[White "Pelletier, Yannick"]
[Black "Steingrimsson, Hedinn"]
[Result "1-0"]
[WhiteTitle "GM"]
[BlackTitle "GM"]
[WhiteElo "2540"]
[BlackElo "2576"]
[WhiteTeam "Switzerland"]
[BlackTeam "Iceland"]
[WhiteFideId "1301837"]
[BlackFideId "2300117"]
[EventDate "2017.10.28"]

1. d4 d5 2. c4 c6 3. Nf3 Nf6 4. Nc3 e6 5. g3 Nbd7 6. Bg2 dxc4 7. a4 Bb4 8. O-O
O-O 9. Qc2 a5 10. Rd1 Ra6 11. Nd2 Bxc3 12. bxc3 b5 13. Ba3 Re8 14. Rab1 Rb6 15.
Bc5 Nxc5 16. dxc5 Ra6 17. Nxc4 Qc7 18. Nd6 Rf8 19. Nxb5 Qe5 20. Nd6 Qxc5 21. Qd3
Ra7 22. Qd4 Qxd4 23. cxd4 Bd7 24. Rdc1 Rd8 25. e3 Nd5 26. Rc5 Kf8 27. Nc4 Rda8
28. Ne5 Ke8 29. Nxc6 Rc7 30. Bxd5 exd5 31. Rbc1 Rac8 32. Nxa5 Rxc5 33. Rxc5 Rxc5
34. dxc5 Bxa4 35. Kf1 Bb5+ 36. Ke1 Kd7 37. Kd2 Ke6 38. Nb3 Ke5 39. Nd4 Ba6 40.
f3 g5 41. g4 1-0

[Event "21st European Teams"]
[Site "Hersonissos GRE"]
[Date "2017.11.05"]
[Round "8.13"]
[Board "2"]
[White "Gretarsson, Hjorvar Steinn"]
[Black "Bogner, Sebastian"]
[Result "1-0"]
[WhiteTitle "GM"]
[BlackTitle "GM"]
[WhiteElo "2567"]
[BlackElo "2599"]
[WhiteTeam "Iceland"]
[BlackTeam "Switzerland"]
[WhiteFideId "2302241"]
[BlackFideId "4692055"]
[EventDate "2017.10.28"]

1. c4 e6 2. Nc3 d5 3. d4 Nf6 4. cxd5 Nxd5 5. e4 Nxc3 6. bxc3 c5 7. Nf3 cxd4 8.
cxd4 Bb4+ 9. Bd2 Bxd2+ 10. Qxd2 O-O 11. Bc4 Nd7 12. O-O b6 13. Rfe1 Bb7 14. Rad1
Rc8 15. Bb3 Qf6 16. e5 Qg6 17. Re3 Rfd8 18. Ne1 Qg5 19. Qe2 Nf8 20. Rg3 Qh6 21.
Nc2 Ng6 22. Ne3 Qh4 23. Rg4 Qh5 24. Qe1 Qh6 25. d5 Nxe5 26. Rgd4 Qg6 27. Kh1 Kh8
28. h3 exd5 29. f4 Nc6 30. Rxd5 Re8 31. Bc2 Qf6 32. Qg3 Nb4 33. Rd6 Qc3 34. Bf5
Rb8 35. Qh4 g6 36. Bxg6 Qg7 37. Nf5 Bxg2+ 38. Kg1 1-0

[Event "21st European Teams"]
[Site "Hersonissos GRE"]
[Date "2017.11.05"]
[Round "8.13"]
[Board "3"]
[White "Georgiadis, Nico"]
[Black "Stefansson, Hannes"]
[Result "1/2-1/2"]
[WhiteTitle "GM"]
[BlackTitle "GM"]
[WhiteElo "2516"]
[BlackElo "2508"]
[WhiteTeam "Switzerland"]
[BlackTeam "Iceland"]
[WhiteFideId "1300113"]
[BlackFideId "2300087"]
[EventDate "2017.10.28"]

1. e4 e5 2. Nf3 Nc6 3. Bb5 Nf6 4. d3 Bc5 5. c3 O-O 6. O-O Re8 7. Bg5 h6 8. Bh4
Be7 9. Bxc6 dxc6 10. Bg3 Bd6 11. h3 b6 12. Re1 c5 13. Nbd2 Ba6 14. Qc2 Nh5 15.
Bh2 Qf6 16. d4 Nf4 17. dxe5 Bxe5 18. Nxe5 Rxe5 19. Nf3 Re7 20. Re3 Rae8 21. Qa4
b5 22. Qa3 b4 23. cxb4 cxb4 24. Qxb4 Nd3 25. Qc3 Qxc3 26. bxc3 Rxe4 27. Rxe4
Rxe4 28. Bxc7 Re2 29. Bg3 Rc2 30. a4 Bc4 31. Ne5 Rxc3 32. Nxd3 1/2-1/2

[Event "21st European Teams"]
[Site "Hersonissos GRE"]
[Date "2017.11.05"]
[Round "8.13"]
[Board "4"]
[White "Kjartansson, Gudmundur"]
[Black "Jenni, Florian"]
[Result "0-1"]
[WhiteTitle "IM"]
[BlackTitle "GM"]
[WhiteElo "2456"]
[BlackElo "2466"]
[WhiteTeam "Iceland"]
[BlackTeam "Switzerland"]
[WhiteFideId "2301318"]
[BlackFideId "1304232"]
[EventDate "2017.10.28"]

1. Nf3 Nf6 2. g3 b6 3. Bg2 Bb7 4. O-O c5 5. c4 e6 6. Nc3 Be7 7. d4 cxd4 8. Qxd4
O-O 9. Rd1 d6 10. Bg5 Nbd7 11. Qd2 a6 12. Bf4 Ne8 13. Rac1 Rc8 14. b3 Ndf6 15.
Ng5 Bxg2 16. Kxg2 Qd7 17. a4 Qb7+ 18. f3 Rd8 19. Nge4 Nxe4 20. Nxe4 b5 21. Qb4
d5 22. Nc5 Bxc5 23. Qxc5 bxc4 24. bxc4 Nf6 25. Bg5 Qb2 26. Kf2 Rc8 27. Qd4 Qxd4+
28. Rxd4 e5 29. Rd2 Rxc4 30. Rxc4 dxc4 31. Rd6 Rc8 32. Ke1 c3 33. Kd1 a5 34. Kc2
Kf8 35. Ra6 Nd5 36. Rxa5 Nb4+ 37. Kb3 Nc6 38. Rd5 Nd4+ 39. Ka2 f6 40. Bc1 Nxe2
41. Rd1 Nd4 42. f4 Kf7 43. fxe5 fxe5 44. Ka3 Ke6 45. a5 Kd5 46. Kb4 Rc4+ 47. Ka3
Kc5 48. Be3 Kb5 0-1

[Event "21st European Teams"]
[Site "Hersonissos GRE"]
[Date "2017.11.05"]
[Round "8.14"]
[Board "1"]
[White "Rasmussen, Allan Stig"]
[Black "Nikolaidis, Ioannis"]
[Result "1/2-1/2"]
[WhiteTitle "GM"]
[BlackTitle "GM"]
[WhiteElo "2542"]
[BlackElo "2519"]
[WhiteTeam "Denmark"]
[BlackTeam "Greece 2"]
[WhiteFideId "1406000"]
[BlackFideId "4202139"]
[EventDate "2017.10.28"]

1. c4 e5 2. g3 Nc6 3. Bg2 Bc5 4. Nc3 d6 5. e3 a6 6. Nf3 Nf6 7. d4 Bb4 8. Qc2 O-O
9. O-O Bxc3 10. Qxc3 e4 11. Nd2 Bf5 12. f3 exf3 13. Bxf3 Bh3 14. Re1 h5 15. e4
h4 16. Nf1 Nh7 17. Bf4 Qf6 18. Rad1 Ng5 19. Bh1 Bg4 20. Bxg5 Qxg5 21. Rd2 f5 22.
exf5 Bxf5 23. Qe3 Qh5 24. gxh4 Qxh4 25. Qg3 Qh6 26. Bd5+ Kh8 27. Bxc6 bxc6 28.
Rf2 Rf6 29. Qe3 Qg6+ 30. Ng3 Re6 31. Qd2 Rxe1+ 32. Qxe1 Re8 33. Qd1 Bg4 34. Qf1
Re3 35. Rf4 Kg8 36. b3 Re8 37. h3 Bd7 38. Kh2 Qh6 39. Rf2 Qh4 40. Rf4 Qh6 41.
Rf2 Qh4 42. Rf4 1/2-1/2

[Event "21st European Teams"]
[Site "Hersonissos GRE"]
[Date "2017.11.05"]
[Round "8.14"]
[Board "2"]
[White "Kelires, Andreas"]
[Black "Thybo, Jesper Sondergaard"]
[Result "1-0"]
[WhiteTitle "GM"]
[BlackTitle "IM"]
[WhiteElo "2510"]
[BlackElo "2479"]
[WhiteTeam "Greece 2"]
[BlackTeam "Denmark"]
[WhiteFideId "5900727"]
[BlackFideId "1438832"]
[EventDate "2017.10.28"]

1. d4 Nf6 2. Nf3 d5 3. c4 e6 4. g3 Bb4+ 5. Nbd2 O-O 6. Bg2 b6 7. O-O Bb7 8. b3
c5 9. Bb2 cxd4 10. Nxd4 Nc6 11. Nxc6 Bxc6 12. a3 Be7 13. cxd5 Bxd5 14. e4 Bb7
15. e5 Nd5 16. Ne4 Ba6 17. Re1 Rc8 18. h4 Kh8 19. Qd2 Qc7 20. Rac1 Qb8 21. h5
Rxc1 22. Rxc1 Rc8 23. Rxc8+ Qxc8 24. h6 gxh6 25. Nd6 Qf8 26. Bxd5 exd5 27. Nxf7+
Kg8 28. Nxh6+ Kg7 29. e6+ Kg6 30. Nf7 Bf6 31. Qf4 1-0

[Event "21st European Teams"]
[Site "Hersonissos GRE"]
[Date "2017.11.05"]
[Round "8.14"]
[Board "3"]
[White "Ochsner, Bjorn Moller"]
[Black "Theodorou, Nikolas"]
[Result "0-1"]
[WhiteTitle "IM"]
[BlackTitle "IM"]
[WhiteElo "2458"]
[BlackElo "2512"]
[WhiteTeam "Denmark"]
[BlackTeam "Greece 2"]
[WhiteFideId "1416928"]
[BlackFideId "4262875"]
[EventDate "2017.10.28"]

1. d4 Nf6 2. c4 e6 3. Nc3 Bb4 4. Qc2 O-O 5. Nf3 d6 6. Bd2 c5 7. dxc5 Bxc5 8. Na4
Nc6 9. Nxc5 dxc5 10. Bc3 e5 11. Nxe5 Nd4 12. Bxd4 cxd4 13. Nf3 Re8 14. O-O-O Qa5
15. Nxd4 Ne4 16. Nb3 Qxa2 17. Rd5 b6 18. f3 Nf2 19. Rg1 Be6 20. Rd4 b5 21. e4
Rac8 22. Be2 bxc4 23. Bxc4 Bxc4 24. Rxc4 Qa6 25. Rc3 Nd3+ 26. Kd1 Nb4 27. Qe2
Red8+ 28. Ke1 Nd3+ 29. Kf1 Rxc3 30. bxc3 Qa4 31. Qd1 Qa2 32. Nd2 Nf2 33. Qb1
Qxd2 0-1

[Event "21st European Teams"]
[Site "Hersonissos GRE"]
[Date "2017.11.05"]
[Round "8.14"]
[Board "4"]
[White "Mastrovasilis, Athanasios"]
[Black "Hansen, Mads"]
[Result "0-1"]
[WhiteTitle "GM"]
[BlackTitle "IM"]
[WhiteElo "2488"]
[BlackElo "2393"]
[WhiteTeam "Greece 2"]
[BlackTeam "Denmark"]
[WhiteFideId "4201990"]
[BlackFideId "1401610"]
[EventDate "2017.10.28"]

1. d4 d5 2. c4 e6 3. Nc3 c6 4. e4 dxe4 5. Nxe4 Bb4+ 6. Nc3 c5 7. a3 Ba5 8. Nf3
Nf6 9. Qd3 O-O 10. dxc5 Qxd3 11. Bxd3 Rd8 12. Ke2 Bxc3 13. bxc3 Na6 14. Rd1 Bd7
15. Be3 Ba4 16. Rdb1 Nd7 17. Ng5 h6 18. Bh7+ Kf8 19. Ne4 Bc6 20. Rd1 Ke7 21. Nd6
Ndxc5 22. Nb5 g6 23. Rxd8 Rxd8 24. Nxa7 Rh8 25. Nxc6+ bxc6 26. Bxg6 fxg6 27. Rb1
h5 28. Bd4 Ra8 29. Ke3 Nd7 30. Rb7 Kd6 31. Ke2 c5 32. Be3 Kc6 33. Rb1 Ne5 34.
Bf4 Nxc4 35. Kd3 Nxa3 36. Ra1 Nb5 37. Re1 Nac7 38. Re5 c4+ 0-1

[Event "21st European Teams"]
[Site "Hersonissos GRE"]
[Date "2017.11.05"]
[Round "8.15"]
[Board "1"]
[White "Bologan, Victor"]
[Black "Ftacnik, Lubomir"]
[Result "1-0"]
[WhiteTitle "GM"]
[BlackTitle "GM"]
[WhiteElo "2615"]
[BlackElo "2546"]
[WhiteTeam "Moldova"]
[BlackTeam "Slovakia"]
[WhiteFideId "13900048"]
[BlackFideId "14900017"]
[EventDate "2017.10.28"]

1. e4 c5 2. Nf3 d6 3. Bb5+ Nd7 4. c3 Nf6 5. Bd3 b6 6. O-O Bb7 7. Re1 Rc8 8. Bc2
Qc7 9. Na3 e5 10. d4 cxd4 11. cxd4 Be7 12. b3 O-O 13. Bb2 a6 14. Nc4 b5 15. Ne3
Rfe8 16. Rc1 Qb6 17. Nf5 Bf8 18. Qd2 h6 19. h3 a5 20. a3 b4 21. a4 Red8 22. Nh2
d5 23. exd5 Nxd5 24. dxe5 Nc5 25. Ng4 Nc3 26. Qe3 Qe6 27. Bxc3 bxc3 28. Qg3 Kh8
29. Nd6 Rxd6 30. exd6 Bxd6 31. Qxc3 Qd5 32. Qf3 Qxf3 33. gxf3 Bxf3 34. Bf5 Rb8
35. Ne5 Bh5 36. Bg4 Nxb3 37. Bxh5 Bxe5 38. Rb1 1-0

[Event "21st European Teams"]
[Site "Hersonissos GRE"]
[Date "2017.11.05"]
[Round "8.15"]
[Board "2"]
[White "Markos, Jan"]
[Black "Svetushkin, Dmitry"]
[Result "1-0"]
[WhiteTitle "GM"]
[BlackTitle "GM"]
[WhiteElo "2559"]
[BlackElo "2556"]
[WhiteTeam "Slovakia"]
[BlackTeam "Moldova"]
[WhiteFideId "14903474"]
[BlackFideId "13900463"]
[EventDate "2017.10.28"]

1. d4 Nf6 2. c4 e6 3. Nc3 Bb4 4. Qc2 O-O 5. a3 Bxc3+ 6. Qxc3 b6 7. Bg5 Bb7 8. f3
d6 9. e4 c5 10. dxc5 bxc5 11. Rd1 Nc6 12. Bxf6 gxf6 13. Ne2 e5 14. Qd2 Nd4 15.
Nxd4 cxd4 16. b4 Kh8 17. Bd3 Rg8 18. O-O Rg6 19. Rc1 Qd7 20. c5 dxc5 21. Rxc5
Rag8 22. Rf2 Qh3 23. Bf1 Rh6 24. g4 Qh4 25. Rg2 Bc8 26. Rc7 Be6 27. Rxa7 Rhg6
28. Rg3 Rc8 29. b5 Qg5 30. Rg2 Rc1 31. Ra4 Rg8 32. Qxg5 fxg5 33. Rb2 d3 34. Rd2
Bc4 35. b6 Rb8 36. Rb4 Ba6 37. Kf2 Rc6 38. Bxd3 Bxd3 39. Rxd3 Rbxb6 40. Rxb6
Rxb6 41. Rd2 Ra6 42. Ra2 Ra4 43. Ke3 Kg7 44. Kd3 Kf6 45. Kc3 Ke6 46. Kb3 Ra6 47.
a4 Kd7 48. a5 Kc7 49. Kb4 Rf6 50. Ra3 Rh6 51. a6 Kb8 52. Kc5 Rxh2 53. Kd5 h5 54.
gxh5 Rxh5 55. Rb3+ Ka7 56. Rb7+ Kxa6 57. Rxf7 g4 58. fxg4 Rg5 59. Rf1 Rxg4 60.
Kxe5 Kb7 61. Rc1 1-0

[Event "21st European Teams"]
[Site "Hersonissos GRE"]
[Date "2017.11.05"]
[Round "8.15"]
[Board "3"]
[White "Morozov, Nichita"]
[Black "Repka, Christopher"]
[Result "0-1"]
[WhiteTitle "IM"]
[BlackTitle "IM"]
[WhiteElo "2467"]
[BlackElo "2470"]
[WhiteTeam "Moldova"]
[BlackTeam "Slovakia"]
[WhiteFideId "13900897"]
[BlackFideId "14918781"]
[EventDate "2017.10.28"]

1. e4 g6 2. d4 Bg7 3. Nf3 d6 4. Bc4 Nf6 5. Qe2 c6 6. e5 dxe5 7. dxe5 Nd5 8. h3
O-O 9. O-O Qc7 10. Bb3 Na6 11. c4 Nb6 12. Bd2 Bf5 13. Ba5 Qb8 14. Re1 Nd7 15.
Bc3 Ndc5 16. Bc2 Bxc2 17. Qxc2 Rd8 18. Nbd2 b5 19. Nd4 Qb6 20. b3 Nc7 21. N2f3
a5 22. Bd2 N5e6 23. Nxe6 Nxe6 24. Be3 Qb8 25. Qe4 a4 26. Qxc6 axb3 27. axb3 Rxa1
28. Rxa1 bxc4 29. Qxc4 Bxe5 30. Nxe5 Qxe5 31. Rb1 Qf5 32. Rc1 Rb8 33. b4 h5 34.
Rd1 Qe5 35. Rb1 Qf5 36. Rb3 Rb5 37. Rb2 Qe5 38. Ra2 Rd5 39. Ra8+ Kh7 40. g3 Rd1+
41. Kh2 Qb2 42. b5 Qb1 43. Qc6 h4 44. g4 Qd3 45. b6 Rb1 46. Qf3 Ng5 47. Qg2 Qd6+
48. f4 Qd1 0-1

[Event "21st European Teams"]
[Site "Hersonissos GRE"]
[Date "2017.11.05"]
[Round "8.15"]
[Board "4"]
[White "Jurcik, Marian"]
[Black "Macovei, Andrei"]
[Result "1/2-1/2"]
[WhiteTitle "GM"]
[BlackTitle "FM"]
[WhiteElo "2479"]
[BlackElo "2328"]
[WhiteTeam "Slovakia"]
[BlackTeam "Moldova"]
[WhiteFideId "14907518"]
[BlackFideId "13904680"]
[EventDate "2017.10.28"]

1. e4 c6 2. d4 d5 3. exd5 cxd5 4. Bd3 Nc6 5. c3 Nf6 6. h3 e5 7. dxe5 Nxe5 8. Nf3
Nxd3+ 9. Qxd3 Bd6 10. O-O O-O 11. Nbd2 Re8 12. Nd4 Bd7 13. N2b3 h6 14. Qf3 Ne4
15. Nf5 Qf6 16. Nbd4 Bc7 17. Bf4 Bxf4 18. Qxf4 Re5 19. f3 Bxf5 20. fxe4 Bxe4 21.
Qxf6 gxf6 22. Rxf6 Rg5 23. Nf3 Bxf3 24. Rxf3 Re8 25. Raf1 Re2 26. R1f2 Rxf2 27.
Kxf2 Re5 28. Rf6 Re6 29. Rf5 Rb6 30. b3 Ra6 31. Rxd5 Rxa2+ 32. Kf3 Rc2 33. Rc5
b6 34. Rc6 Kg7 35. g3 a5 36. Rxb6 Rxc3+ 37. Kf2 Rc2+ 38. Kf3 Rc3+ 39. Kf4 a4 40.
bxa4 Rc4+ 41. Kf3 Rxa4 42. h4 Ra3+ 43. Kg4 Ra4+ 44. Kh3 Rc4 45. h5 Ra4 46. g4
Ra3+ 47. Kh4 Ra4 48. Kg3 1/2-1/2